| 000 | 00740nam a2200229 a 4500 | ||
|---|---|---|---|
| 001 | 48061 | ||
| 003 | BD-RjUL | ||
| 005 | 20211209054442.0 | ||
| 008 | 160811s1965 bg ||||| |||| 00| 0 ben d | ||
| 020 | _c: Tk. 3.00 | ||
| 035 | _a(BD-RjUL)48180 | ||
| 040 |
_aBD-RjUL _bben _cBD-RjUL |
||
| 041 | _aben | ||
| 082 |
_223 _a895.71 _bCHA 1965 |
||
| 100 | 1 |
_aচৌধুরী, জাহাঙ্গীর _9145110 |
|
| 245 | 1 | 0 | _aআধুনিক কোরিয়ার কবিতা / |
| 260 |
_aঢাকা : _bকপোতাক্ষী, _c১৯৬৫ |
||
| 300 |
_a৬৪ পৃ. ; _c২১ সেমি. |
||
| 650 |
_aকোরিয়ান কবিতা _9145713 |
||
| 650 |
_aKorean poetry _9145714 |
||
| 942 |
_2ddc _cBK |
||
| 999 |
_c48061 _d48061 |
||